Library Banner

The re-enchantment of everyday life (Record no. 12326)

MARC details
000 -LEADER
fixed length control field 00388nam a2200169Ia 4500
001 - CONTROL NUMBER
control field 11442
008 - FIXED-LENGTH DATA ELEMENTS--GENERAL INFORMATION
fixed length control field 140331s9999 xx 000 0 und d
020 ## - INTERNATIONAL STANDARD BOOK NUMBER
International Standard Book Number 0-06-017209-6
040 ## - CATALOGING SOURCE
Transcribing agency PK-LaUMT
082 ## - DEWEY DECIMAL CLASSIFICATION NUMBER
Classification number 158
Item number MOO-R
100 ## - MAIN ENTRY--PERSONAL NAME
Personal name Moore, Thomas
245 #4 - TITLE STATEMENT
Title The re-enchantment of everyday life
Statement of responsibility, etc Moore, Thomas
260 ## - PUBLICATION, DISTRIBUTION, ETC. (IMPRINT)
Date of publication, distribution, etc 1996
300 ## - PHYSICAL DESCRIPTION
Extent 396 p.
546 ## - LANGUAGE NOTE
Language note EN
942 ## - ADDED ENTRY ELEMENTS (KOHA)
Koha item type Books
Holdings
Withdrawn status Lost status Source of classification or shelving scheme Damaged status Not for loan Home library Current library Date acquired Total Checkouts Full call number Barcode Date last seen Price effective from Koha item type
    Dewey Decimal Classification     UMT Main Campus UMT Main Campus 2014-03-31   158 MOO-R 13173 2014-04-21 2014-04-21 Books
    Dewey Decimal Classification     UMT Main Campus UMT Main Campus 2014-06-04   158 MOO-R 13420 2014-06-04 2014-06-04 Books